| 000 | 00543nam a2200205Ia 4500 | ||
|---|---|---|---|
| 003 | GCL | ||
| 008 | 140319s9999 xx 000 0 eng d | ||
| 040 |
_aGCL / _cGCL |
||
| 082 | 0 | 4 |
_a004.65 _bD N |
| 100 | 1 | _aDAY,MICHAEL | |
| 245 | 1 | 0 |
_aNOVELL S GUIDE TO NETWARE 4.0 NLM PROGRAMMING / _cDAY,MICHAEL |
| 700 | 1 | _aKOONTZ, MICHEAL | |
| 700 | 1 | _aMARSHALL,DANIEL | |
| 260 |
_a[S.N] : _bSYBEX ، _c1993 |
||
| 650 | 0 | 4 | _aCOMPUTER SOFTWARE |
| 650 | 0 | 4 | _aCOMPUTER PROGRM |
| 650 | 0 | 4 | _aNET WARE |
| 650 | 0 | 4 | _aCOMPUTER - NETWORKS |
| 942 |
_2ddc _cBK |
||
| 999 |
_c15748 _d15748 |
||